Diminuto contra los fantasmas /

Guardado en:
Autor Principal: Cinetto, Liliana
Formato: Libro
Publicado: Buenos Aires : Alfaguara, 2011
Etiquetas: Agregar Etiqueta
Sin Etiquetas, Sea el primero en etiquetar este registro!
LEADER 00521nam a22001575a 4500
001 CEM.cems018657
008 130507s2011##################000#0#####d
005 20221026093304.0
245 1 0 |a Diminuto contra los fantasmas /  |c Liliana Cinetto 
260 |a Buenos Aires :  |b Alfaguara,  |c 2011 
300 |a 104 p. 
020 |a 9789870417668 
100 1 |a Cinetto, Liliana 
082 0 4 |a A863.4 
859 |a CEMS  |b BIB. CEMS - Inicial y Primaria  |h A863.4  |i C574-4  |k IP  |p 6360  |t Ej.1 
859 |a CEMS  |b BIB. CEMS - Agricultura  |h A863.4  |i C574-1  |p A3138.18  |t Ej.1